00213nam a2200073Ia 4500082001300000245003200013100005300045008004100098 aEJF|BLYT 0aLast term at Malory Towers  a Blyton, Enid, , 1898?-1968 London, 2012 210817s9999 xx 000 0 und d